000 00569nam a2200181 i 4500
001 61238
003 ES-MaACL
005 20230906164416.0
007 t|
008 031111s1968 sp ||||1| spa d
100 1 _aEvans, Joan.
_948360
245 1 3 _aLa Baja Edad Media
_b: el florecimiento de la Europa medieval /
_cdirigida por Joan Evans ; [traducción Mireia Bofill].
250 _a[1ª ed.].
260 _aBarcelona, etc. :
_bLabor,
_c[1968]
300 _a361 p., 84 lám. ;
_c36 cm.
700 1 _aBofill, Mireia.
_929779
852 _aES-MaACL
_jC-33942
_bR.67136
999 _c61238
_d61238